Biblioteka Instytutu Północnego w Olsztynie

Widok standardowy Widok MARC

Pozycja Personal Name

Liczba rekordów, w których użyto hasła: 1

001 - Numer kontrolny

  • control field: 40940

003 - Identyfikator numeru kontrolnego

  • control field: NUKAT

005 - Data i czas ostatniej modyfikacji

  • control field: 20260429211927.0

008 - Dane kontrolne kodowane (40 znaków)

  • fixed length control field: 000731n||a|znnaabn |a aaa |c

010 ## - Numer kontrolny Biblioteki Kongresu

  • numer kontrolny LC: n 00052757

024 7# - OTHER STANDARD IDENTIFIER

  • Standard number or code: 52695516
  • Source of number or code: viaf

024 7# - OTHER STANDARD IDENTIFIER

  • Standard number or code: 0000000071479312
  • Source of number or code: isni

024 7# - OTHER STANDARD IDENTIFIER

  • Standard number or code: Q110276040
  • Source of number or code: wikidata

040 ## - Instytucja sporządzająca rekord

  • inst. przygot. dane do rek. khw: LUBL 58/LL
  • język haseł przedmiotowych/tezaurus: kaba
  • inst. wprow. rek. khw: LUBL 58/LL
  • inst. modyf. rek. khw: KR U/HW
  • inst. modyf. rek. khw: GD U/ISSs
  • inst. modyf. rek. khw: Ł U/ew

046 ## - Special dates

  • Birth date: 1896
  • Death date: 1967

100 1# - Hasło - nazwa osobowa

  • nazwa osobowa w formie ujednoliconej: Warężak, Jan
  • daty biograficzne: (1896-1967).

372 ## - Field of activity

  • Field: Archiwistyka.
  • Auth control #: http://nukat.edu.pl/aut/s 96011300
  • Source of term: kaba

372 ## - Field of activity

  • Field: Historia.
  • Auth control #: http://nukat.edu.pl/aut/s 94205867
  • Source of term: kaba

374 ## - Occupation

  • Occupation: Archiwiści.
  • Auth control #: http://nukat.edu.pl/aut/s 97052402
  • Source of term: kaba

374 ## - Occupation

  • Occupation: Historycy.
  • Auth control #: http://nukat.edu.pl/aut/s 94205772
  • Source of term: kaba

400 1# - Trop zob. - nazwa osobowa

  • nazwa osobowa (nazwisko, imiona): Warężak, J.

670 ## - Źródło informacji

  • źródło informacji: Kp. Budżety 4 gospodarstw wsi Czahary w powiecie zbaraskim (woj. Tarnopol) za rok 1925/26 / Jan Warężak. - Warszawa, 1927.

670 ## - Źródło informacji

  • źródło informacji: SHP. - 1994

670 ## - Źródło informacji

  • źródło informacji: Historia gospodarcza rejonu łódzkiego / wg wykł. J. Warężaka. - Łódź, 1948.
Biblioteka Instytutu Północnego, ul. Partyzantów 87, 10-402 Olsztyn, email: biblioteka(at)ip.olsztyn.pl